000 00600nam a22001697a 4500
003 OSt
005 20251124135536.0
008 251124b |||||||| |||| 00| 0 eng d
020 _a 0-553-29698-1
040 _cCL
100 _aFRANK, ANNE
245 _aThe diary of a young girl /
260 _aNew York :
_b Bantam Books,
_cc1993.
300 _a 283 pages ;
_c 21 cm.
650 _2Frank, Anne, 1929-1945--Diaries. 2. Holocaust, Jewish (1939-1945)--Netherlands--Amsterdam--Personal narratives. 3. Jews--Persecutions--Netherlands--Amsterdam. I. Rooselvelt, Eleanor.
942 _2ddc
_cBK-CIRC
_n0
999 _c6094
_d6094